ALL TIME LOW quiz (with all songs) - Statistics

General Stats
  • This quiz has been taken 21 times
    12 since last reset
  • The average score is 67 of 167
Answer Stats
Hint Answer % Correct
Put Up or Shut Up (2006) Coffee Shop Soundtrack
89%
Holly (Would You Turn Me On?)
78%
Jasey Rae
78%
Lullabies
78%
Wake Up, Sunshine
78%
Nothing Personal (2009) Weightless
78%
A Daydream Away
67%
Break Out! Break Out!
67%
Break Out! Break Out
67%
Come One, Come All
67%
Dear Maria, Count Me In
67%
The Party Scene
67%
Dirty Work (2011) Do You Want Me (Dead?)
67%
Last Young Renegade Last Young Renegade
67%
Old Scars / Future Hearts
67%
Remembering Sunday
67%
Sleepwalking
67%
Something's Gotta Give
67%
Stella
67%
That Girl
67%
The Party Scene
67%
Time-Bomb
67%
Vegas
67%
Afterglow
56%
Backseat Serenade
56%
Break Your Little Heart
56%
Canals
56%
Cinderblock Garden
56%
Damned If I Do Ya (Damned If I Don't)
56%
Dancing with a Wolf
56%
Dirty Laundry
56%
How the Story Ends
56%
Keep the Change, You Filthy Animal
56%
Kids in the Dark
56%
Let It Roll
56%
Lost in Stereo
56%
Merry Christmas, Kiss My Ass
56%
Missing You
56%
Monsters
56%
Outlines
56%
Poppin' Champagne
56%
Running from Lions
56%
Safe
56%
Six Feet Under the Stars
56%
Somewhere in Neverland
56%
Tell Me I'm Alive Tell Me I'm Alive
56%
The Beach
56%
Therapy
56%
Don't Panic (2012) The Reckless and the Brave
56%
Tidal Waves
56%
Too Much
56%
Walls
56%
Your Bed
56%
Don't Panic: It's Longer Now! (2013) A Love Like War
44%
A Party Song (The Walk of Shame)
44%
Bail Me Out
44%
Deluxe Edition/Bonus Tracks Bottle and a Beat
44%
Circles
44%
Don't You Go
44%
Drugs & Candy
44%
For Baltimore
44%
Forget About It
44%
Getaway Green
44%
Deluxe Edition Get Down on Your Knees and Tell Me You Love Me
44%
Guts
44%
Hello, Brooklyn
44%
I Feel Like Dancin'
44%
January Gloom
44%
Kicking & Screaming
44%
Melancholy Kaleidoscope
44%
Nice2KnoU
44%
Deluxe Edition/Bonus Tracks Poison
44%
Runaways
44%
Future Hearts (2015) Satellite
44%
Shameless
44%
Sick Little Games
44%
Sleeping In
44%
So Long Soldier
44%
Wake Up Sunshine (2020) Some Kind of Disaster
44%
Stay Awake (Dreams Only Last for a Night)
44%
Summer Daze
44%
Take Cover
44%
Bad Enough for You
33%
Basement Noise
33%
Birthday
33%
Calm Down
33%
Caroline (B-Side)
33%
Busted Crashed the Wedding
33%
Fake as Hell
33%
Favorite Place
33%
Ground Control
33%
Hit The Lights
33%
Hometown Heroes; National Nobodies
33%
If These Sheets Were States
33%
Bonus Tracks I Hate That for You
33%
Interlude
33%
Just the Way I'm Not
33%
Kill Ur Vibe
33%
Life of the Party
33%
Lost Along the Way
33%
Memories That Fade like photographs
33%
Modern Love
33%
MTV Unplugged: All Time Low
33%
My Only One
33%
New Religion
33%
Nightmares
33%
Noel
33%
No Idea
33%
Oh, Calamity!
33%
Painting Flowers
33%
Paint You Wings
33%
The Party Scene (2005) Prelude
33%
Pretty Venom
33%
So Long, and Thanks for All the Booze
33%
Sticks, Stones, and Techno
33%
Live Albums Straight to DVD
33%
Straight to DVD II: Past, Present and Future Hearts
33%
Thanks to You
33%
The Girl's a Straight-Up Hustle
33%
The Girl's a Straight-Up Hustler
33%
The Irony of Choking on a Lifesaver
33%
The Way You Miss Me
33%
So Wrong, It's Right (2007) This Is How We Do
33%
Toxic Valentine
33%
Umbrella
33%
Under a Paper Moon
33%
Are You There
22%
Illemiun Back to You
22%
Bonus Tracks Chemistry
22%
Clumsy
22%
Dark Side of Your Room
22%
English Blood American Heartache
22%
Everything Is Fine
22%
Simple Plan Freaking me Out
22%
Glitter & Crimson
22%
Heroes
22%
I Can't Do the One-Two Step
22%
I'd Be Fine (If I Never Saw You Again)
22%
Last Flight Home
22%
Singles PMA
22%
Return the Favor
22%
The Edge of Tonight
22%
The Three Words To Remember In Dealing With The End (2004) The Next Best Thing
22%
The Other Side
22%
The Sound of Letting Go
22%
Trouble Is
22%
Vampire Shift
22%
We Say Summer
22%
Alejandro
11%
Me Without You (All I Ever Wanted)
11%
Fool's Holiday
11%
Ghost Story
11%
The In Crowd Kiss Me Again
11%
Yellowcard Telescope
11%
To Live and Let Go
11%
Punk Goes/Covers Blinding Lights
0%
Dangerous Summer Band Disconnect
0%
Hit the Lights Don't Wait
0%
One OK Rock Jaded
0%
Longview
0%
Sing It Loud No One Can Touch Us
0%
Time to Break Up
0%
Lindsey Stirling Time To Fall In Love
0%
True Colors
0%
Amber Pacific When I Found You
0%
No matching quizzes found
Score Distribution
Percent of People with Each Score
Percentile by Number Answered
Your Score History
You have not taken this quiz since the last reset